|
|
|
|
| LEADER |
01527nam a2200361 a 4500 |
| 001 |
36705 |
| 003 |
BD-DhAAL |
| 005 |
20191125155634.0 |
| 008 |
191125t2003 bg ab b 100 0 eng d |
| 999 |
|
|
|c 41907
|d 41907
|
| 010 |
|
|
|a 2006561873
|
| 025 |
|
|
|a B-E-2006-561873; 22
|
| 037 |
|
|
|b Library of Congress -- New Delhi Overseas Office
|c Tk300.00
|
| 040 |
|
|
|a DLC
|c DLC
|d BD-DhAAL
|
| 042 |
|
|
|a lcode
|
| 043 |
|
|
|a n-us---
|
| 050 |
0 |
0 |
|a E169.12
|b .R4334 1999
|
| 082 |
|
|
|a 973.92
|2 21
|
| 111 |
2 |
|
|a Regional American Studies Conference
|n (3rd :
|d 1999 :
|c Bangladesh Association for American Studies)
|9 37690
|
| 245 |
1 |
0 |
|a Regional American Studies Conference, 1999 /
|c edited by Niaz Zaman, Hasina Matin.
|
| 260 |
|
|
|a Dhaka :
|b Bangladesh Association for American Studies,
|c c2003.
|
| 300 |
|
|
|a 304 pages :
|b illustrations, maps ;
|c 23 cm.
|
| 504 |
|
|
|a Includes bibliographical references.
|
| 526 |
|
|
|a ESS
|
| 541 |
|
|
|a Complimentary copy from Professor Dr. Nasreen Khundker
|e 36705
|
| 651 |
|
0 |
|a United States
|x Civilization
|y 1970-
|v Congresses.
|9 37691
|
| 700 |
1 |
|
|a Zaman, Niaz.
|9 37692
|
| 700 |
1 |
|
|a Matin, Hasina.
|9 37693
|
| 710 |
2 |
|
|a Bangladesh Association for American Studies.
|9 37694
|
| 710 |
2 |
|
|a United States Information Service.
|9 37695
|
| 852 |
|
|
|a Ayesha Abed Library
|c General Stacks
|
| 942 |
|
|
|2 ddc
|c BK
|
| 952 |
|
|
|0 0
|1 0
|2 ddc
|4 0
|6 973_920000000000000_REG
|7 0
|9 67291
|a BRACUL
|b BRACUL
|c GEN
|d 2019-11-25
|e Complimentary copy from Professor Dr. Nasreen Khundker
|l 0
|o 973.92 REG
|p 3010036705
|r 2019-11-25
|t 1
|w 2019-11-25
|y BK
|